El estudiante de Salamanca

"El estudiante de Salamanca", de José de Espronceda (1808-1842), contiene una textura bien trabada, casi clásica y al mismo tiempo compendia en sí todos los ingredientes formales e internos que hemos dado en llamar románticos. Y de tal modo configurados, que muy pocos dudarían en tomar esta obra com...

Full description

Bibliographic Details
Main Author: Espronceda, José de 1808-1842
Format: Libro Literatura
Language:English
Published: Madrid: Cátedra: 2019.
Edition:31a ed.
Series:Letras Hispánicas ; 6
Subjects:
Online Access:

MARC

LEADER 00000cam a2200000 4500
003 UAHC
005 20190731064659.0
008 190725b xxu||||| |||| 00| 0 eng d
952 |0 0  |1 0  |2 ddc  |4 0  |6 861_000000000000000_ESP  |7 0  |8 BAS  |9 92467  |a BC  |b BC  |c General  |d 2019-07-25  |o 861 ESP  |p 1471137  |r 2025-11-26 00:00:00  |t c.1  |w 2019-07-25  |y BKL  |A 168  |B LENG  |B PBAS 
952 |0 0  |1 0  |2 ddc  |4 0  |6 861_000000000000000_ESP  |7 0  |8 BAS  |9 92468  |a BC  |b BC  |c General  |d 2019-07-25  |o 861 ESP  |p 1471138  |r 2026-01-19 00:00:00  |t c.2  |w 2019-07-25  |y BKL  |A 168  |B LENG  |B PBAS 
952 |0 0  |1 0  |2 ddc  |4 0  |6 861_000000000000000_ESP  |7 0  |8 BAS  |9 92469  |a BR  |b BR  |c General  |d 2019-07-25  |o 861 ESP  |p 1471139  |r 2026-01-13 00:00:00  |t c.3  |w 2019-07-25  |y BKL  |A 168  |B LENG  |B PBAS 
999 |c 52259  |d 52259 
020 |a 9788437600109 
035 |a PEDAGOGÍA 
040 |a UAHC_CL  |c UAHC_CL  |d UAHC_CL 
082 |2 21  |b E77 
100 |a Espronceda, José de  |d 1808-1842  |9 8626 
245 |a El estudiante de Salamanca  |c José de Espronceda. 
250 |a 31a ed. 
260 |a Madrid:  |b Cátedra:  |c 2019. 
300 |a 122 p. 
440 |9 3232  |a Letras Hispánicas  |v ; 6 
520 |a "El estudiante de Salamanca", de José de Espronceda (1808-1842), contiene una textura bien trabada, casi clásica y al mismo tiempo compendia en sí todos los ingredientes formales e internos que hemos dado en llamar románticos. Y de tal modo configurados, que muy pocos dudarían en tomar esta obra como paradigma del Romanticismo español. Benito Varela Jácome, preparador de la edición, pone de relieve esa trabazón estructural que, en una lectura apasionada, a veces se pierde entre el tema subyugante y la rotundidad de las estrofas. 
600 0 |9 8638  |a  Espronceda, José de  |d 1808-1842  |x Crítica e interpretación 
650 0 |9 8633  |a Romanticismo  |z España 
650 0 |9 8636  |a Poesías españolas 
942 |2 ddc  |c BKL